[Event "Junior Online 4NCL Division 1"]
[Site "online"]
[Date "2021.03.18"]
[EventDate "2021.03.18"]
[Round "5.11"]
[White "Linton, Alexander"]
[WhiteElo "1654"]
[WhiteTeam "Cambridge Chess & Go A"]
[Black "Ismail, Mohammed Aayan"]
[BlackElo "2108"]
[BlackTeam "KJCA Young Kestrels A"]
[Result "0-1"]
[PlyCount "84"]

1. e4 c6 2. Nf3 d5 3. Nc3 dxe4 4. Nxe4 Nf6 5. Ng3 e6 6. d4 Bd6 7. Bd3 O-O 8. O-O Nbd7 9. Bg5 h6 10. Ne4 Be7 11. Bf4 Nxe4 12. Bxe4 Nf6 13. Bd3 Qb6 14. b3 c5 15. dxc5 Bxc5 16. Qe2 Bd6 17. Be5 Bxe5 18. Qxe5 Bd7 19. Rad1 Rfd8 20. h3 Bc6 21. Nd2 Rd5 22. Qe2 Qc7 23. Ne4 Nxe4 24. Bxe4 Re5 25. Rd4 f5 26. Qc4 Rxe4 27. Rxe4 fxe4 28. Qxe6+ Qf7 29. Qg4 Rf8 30. c4 e3 31. f3 Qf6 32. Re1 Qc3 33. Rd1 e2 34. Qe6+ Kh7 35. Qxe2 Re8 36. Qf2 Qe3 37. f4 Qe2 38. Rd2 Qe4 39. Kh2 Rf8 40. Rd4 Rxf4 41. Rxe4 Rxf2 42. a4 Bxe4 {[W: 0:00:12; B: 0:01:21]} 0-1

[Event "Junior Online 4NCL Division 1"]
[Site "online"]
[Date "2021.03.18"]
[EventDate "2021.03.18"]
[Round "5.13"]
[White "Kopanitsa, Anton"]
[WhiteElo "1518"]
[WhiteTeam "Cambridge Chess & Go A"]
[Black "Bansal, Saahil"]
[BlackElo "1961"]
[BlackTeam "KJCA Young Kestrels A"]
[Result "0-1"]
[PlyCount "94"]

1. b4 e6 2. Bb2 Nf6 3. b5 d5 4. e3 Bd6 5. Nf3 O-O 6. d4 Nbd7 7. c4 c5 8. a4 cxd4 9. Bxd4 dxc4 10. Bxc4 Bb4+ 11. Nbd2 b6 12. O-O Bb7 13. Nb3 Rc8 14. Be2 Nd5 15. Rc1 Qe7 16. Be5 Nxe5 17. Nxe5 Nc3 18. Qd7 Nxe2+ 19. Kh1 Qxd7 20. Nxd7 Nxc1 21. Nxc1 Rfd8 22. Ne5 Bc3 23. Nf3 Bxf3 24. gxf3 Bb2 25. Ne2 Rd2 26. Ng3 Rc1 27. Kg1 Rxf1+ 28. Kxf1 Be5 29. f4 Bf6 30. Ne4 Ra2 31. Nc3 Bxc3 32. Kg2 Rxa4 33. Kf3 Rb4 34. Ke2 Rxb5 35. Kd3 Bf6 36. Kc2 Rb2+ 37. Kd3 Rxf2 38. Ke4 Rxh2 39. Kf3 a5 40. Kg3 Rd2 41. Kf3 a4 42. Kg3 a3 43. Kf3 a2 44. Kg3 a1=Q 45. Kf3 Qf1+ 46. Kg3 Rg2+ 47. Kh3 Qh1# {[W: 0:07:28; B: 0:04:20]} 0-1

[Event "Junior Online 4NCL Division 1"]
[Site "online"]
[Date "2021.03.18"]
[EventDate "2021.03.18"]
[Round "5.14"]
[White "Ratnesan, Rajeiv"]
[WhiteElo "2016"]
[WhiteTeam "KJCA Young Kestrels A"]
[Black "Volovich, Andrew"]
[BlackElo "1340"]
[BlackTeam "Cambridge Chess & Go A"]
[Result "1/2-1/2"]
[PlyCount "115"]

1. Nf3 d5 2. g3 Nf6 3. Bg2 Nc6 4. d3 e5 5. O-O Bd6 6. c4 d4 7. Na3 Ne7 8. Nb5 c5 9. Bg5 Nc6 10. Nd2 Be7 11. Bxf6 Bxf6 12. Ne4 Be7 13. f4 O-O 14. fxe5 Nxe5 15. h3 a6 16. Na3 Rb8 17. Nc2 Be6 18. Qe1 Qd7 19. g4 f5 20. gxf5 Rxf5 21. Rxf5 Bxf5 22. Qg3 Nc6 23. Ng5 Bxg5 24. Qxg5 Bxh3 25. Bd5+ Kh8 26. Kh2 Qg4 27. Rg1 Qxg5 28. Rxg5 Bf1 29. Bf3 Re8 30. Rxc5 Bxe2 31. Bxc6 bxc6 32. Rxc6 Bxd3 33. Nxd4 Ra8 34. c5 h6 35. Rd6 Rb8 36. b3 Rf8 37. Kg3 Kg8 38. c6 Rc8 39. Ne6 Kf7 40. Nd8+ Ke7 41. Rd4 Bb5 42. Nb7 Bxc6 43. Na5 Be8 44. Nc4 Bb5 45. Nd6 Rd8 46. Nxb5 axb5 47. Rb4 Rd5 48. Kf4 Kd6 49. Ke4 g5 50. a4 bxa4 51. bxa4 Ra5 52. Rb6+ Kc7 53. Rxh6 Rxa4+ 54. Kf5 Ra5+ 55. Kg4 Kd7 56. Rg6 Ke7 57. Rxg5 Rxg5+ 58. Kxg5 {[W: 0:06:45; B: 0:00:27]} 1/2-1/2

[Event "Junior Online 4NCL Division 1"]
[Site "online"]
[Date "2021.03.18"]
[EventDate "2021.03.18"]
[Round "5.15"]
[White "Ismail, Mohammed Aayan"]
[WhiteElo "2108"]
[WhiteTeam "KJCA Young Kestrels A"]
[Black "Linton, Alexander"]
[BlackElo "1654"]
[BlackTeam "Cambridge Chess & Go A"]
[Result "1-0"]
[PlyCount "70"]

1. c4 e5 2. Nc3 Nf6 3. Nf3 Nc6 4. g3 d5 5. cxd5 Nxd5 6. Bg2 Be6 7. d3 f6 8. Bd2 Qd7 9. Rc1 Be7 10. a3 O-O 11. O-O Rad8 12. b4 a5 13. b5 Na7 14. Nxd5 Bxd5 15. a4 b6 16. Qc2 Rc8 17. Qb2 c6 18. bxc6 Rxc6 19. Rxc6 Qxc6 20. Rc1 Qb7 21. Rb1 Rb8 22. e4 Bc6 23. Bxa5 b5 24. axb5 Bxb5 25. Qa2+ Kf8 26. Bd2 Qd7 27. Nh4 Qxd3 28. Nf5 Bc5 29. Bf1 Qxe4 30. Be3 Bxe3 31. Nxe3 Rb7 32. Bg2 Qxb1+ 33. Qxb1 Bc6 34. Qxh7 Bxg2 35. Kxg2 Nc8 {[W: 0:00:48; B: 0:01:37]} 1-0

[Event "Junior Online 4NCL Division 1"]
[Site "online"]
[Date "2021.03.18"]
[EventDate "2021.03.18"]
[Round "5.17"]
[White "Bansal, Saahil"]
[WhiteElo "1961"]
[WhiteTeam "KJCA Young Kestrels A"]
[Black "Kopanitsa, Anton"]
[BlackElo "1518"]
[BlackTeam "Cambridge Chess & Go A"]
[Result "1-0"]
[PlyCount "49"]

1. d4 Nf6 2. c4 e5 3. dxe5 Ng4 4. Bf4 Nc6 5. Nf3 Bb4+ 6. Nbd2 Qe7 7. e3 Ngxe5 8. Be2 d6 9. O-O Be6 10. a3 Nxf3+ 11. Nxf3 Ba5 12. b4 Bb6 13. Nd4 Bxd4 14. exd4 Bd7 15. Re1 O-O-O 16. d5 Ne5 17. c5 dxc5 18. bxc5 c6 19. d6 Qf6 20. Qa4 Kb8 21. Bxe5 Qxe5 22. Qb4 Rhe8 23. Ba6 Bc8 24. Rxe5 Rxe5 25. h3 {[W: 0:04:32; B: 0:05:28]} 1-0

[Event "Junior Online 4NCL Division 1"]
[Site "online"]
[Date "2021.03.18"]
[EventDate "2021.03.18"]
[Round "5.18"]
[White "Volovich, Andrew"]
[WhiteElo "1340"]
[WhiteTeam "Cambridge Chess & Go A"]
[Black "Ratnesan, Rajeiv"]
[BlackElo "2016"]
[BlackTeam "KJCA Young Kestrels A"]
[Result "0-1"]
[PlyCount "26"]

1. e4 b6 2. d4 Bb7 3. Bd3 e6 4. Ne2 c5 5. c3 d5 6. e5 Nc6 7. f4 a6 8. Be3 Rc8 9. Nd2 cxd4 10. cxd4 Nb4 11. Bxa6 Bxa6 12. Qa4+ Qd7 13. Qxb4 Bxb4 {[W: 0:09:46; B: 0:09:50]} 0-1

[Event "Junior Online 4NCL Division 1"]
[Site "online"]
[Date "2021.03.18"]
[EventDate "2021.03.18"]
[Round "5.21"]
[White "Dasgupta, Avyukt"]
[WhiteElo "1699"]
[WhiteTeam "Watford Juniors A"]
[Black "Vora, Simran"]
[BlackElo "1800"]
[BlackTeam "Warwickshire Bears A"]
[Result "0-1"]
[PlyCount "137"]

1. d4 d5 2. Bf4 Nf6 3. e3 Nc6 4. Nf3 Bg4 5. Nbd2 Bxf3 6. Nxf3 e6 7. c3 Be7 8. Bd3 O-O 9. Qe2 h6 10. h3 Ne4 11. Nd2 Nxd2 12. Qxd2 g5 13. Bh2 Bd6 14. O-O Bxh2+ 15. Kxh2 Qd6+ 16. Kg1 Ne7 17. f4 f6 18. fxg5 fxg5 19. e4 dxe4 20. Bxe4 c6 21. Qc2 Nd5 22. Bxd5 exd5 23. Rae1 Rae8 24. Rxe8 Rxe8 25. Qf2 Rf8 26. Qxf8+ Qxf8 27. Rxf8+ Kxf8 28. Kf2 Kf7 29. Kf3 Kg6 30. g4 a5 31. Ke3 b5 32. Kd3 a4 33. b3 a3 34. c4 b4 35. cxd5 cxd5 36. Ke3 h5 37. Kf3 hxg4+ 38. Kxg4 Kh6 39. Kf5 Kh5 40. Ke5 Kh4 41. Kxd5 Kxh3 42. Kc4 Kg4 43. Kd3 Kf4 44. Kc4 g4 45. d5 Ke5 46. Kc5 g3 47. d6 g2 48. d7 g1=Q+ 49. Kc6 Qd1 50. Kc7 Ke6 51. d8=Q Qxd8+ 52. Kxd8 Kd5 53. Kc7 Kd4 54. Kc6 Kc3 55. Kb5 Kb2 56. Kxb4 Kxa2 57. Kc3 Kb1 58. b4 a2 59. b5 a1=Q+ 60. Kc4 Qa2+ 61. Kc5 Qa3+ 62. Kc6 Qf3+ 63. Kc7 Qf6 64. b6 Qe5+ 65. Kc6 Qe7 66. b7 Qe5 67. Kb6 Qb8 68. Kc6 Kb2 69. Kb6 {[W: 0:02:56; B: 0:05:55]} 0-1

[Event "Junior Online 4NCL Division 1"]
[Site "online"]
[Date "2021.03.18"]
[EventDate "2021.03.18"]
[Round "5.22"]
[White "Pal, Rohan"]
[WhiteElo "1714"]
[WhiteTeam "Warwickshire Bears A"]
[Black "Demjan, Denisz"]
[BlackElo "1479"]
[BlackTeam "Watford Juniors A"]
[Result "0-1"]
[PlyCount "60"]

1. e4 e5 2. Nf3 Nc6 3. Bc4 Be7 4. O-O Nf6 5. d3 d6 6. a4 a6 7. h3 h6 8. Be3 Bd7 9. Nh2 O-O 10. f4 exf4 11. Bxf4 Be6 12. Nd2 Nd7 13. Bxe6 fxe6 14. Qg4 Bg5 15. Bxg5 Rxf1+ 16. Rxf1 Qxg5 17. Qxe6+ Kh8 18. Qxd7 Qxd2 19. Qxc7 Nd4 20. Qxb7 Ne2+ 21. Kf2 Nf4+ 22. Kg3 Nh5+ 23. Kg4 Qxg2+ 24. Kf5 Rf8+ 25. Ke6 Qg6+ 26. Kd5 Nf6+ 27. Kc4 Qg2 28. Rc1 Qd2 29. Rg1 Qxc2+ 30. Kd4 Qc5# {[W: 0:00:08; B: 0:01:12]} 0-1

[Event "Junior Online 4NCL Division 1"]
[Site "online"]
[Date "2021.03.18"]
[EventDate "2021.03.18"]
[Round "5.23"]
[White "Tathare, Rohan"]
[WhiteElo "1338"]
[WhiteTeam "Watford Juniors A"]
[Black "Kukreja, Karan"]
[BlackElo "1709"]
[BlackTeam "Warwickshire Bears A"]
[Result "0-1"]
[PlyCount "68"]

1. e4 c6 2. d4 d5 3. e5 Bf5 4. Ne2 e6 5. Ng3 Bg6 6. h4 h6 7. h5 Bh7 8. Bd3 Bxd3 9. cxd3 c5 10. dxc5 Bxc5 11. d4 Bb4+ 12. Nc3 Ne7 13. Be3 Nbc6 14. Qc2 Qb6 15. O-O-O Rc8 16. Kd2 Na5 17. Ke2 Qa6+ 18. Qd3 Bxc3 19. Qxa6 bxa6 20. bxc3 Rxc3 21. Bd2 Ra3 22. Bb4 Rxa2+ 23. Bd2 Nc4 24. Rhg1 Nc6 25. Ke1 Nxd4 26. Bc3 Nc6 27. Ne2 O-O 28. Nd4 N6xe5 29. Nb3 Rb8 30. Nc1 Rc2 31. Bxe5 Nxe5 32. g3 Rbb2 33. Rh1 Nf3+ 34. Kf1 Rxf2# {[W: 0:06:14; B: 0:07:42]} 0-1

[Event "Junior Online 4NCL Division 1"]
[Site "online"]
[Date "2021.03.18"]
[EventDate "2021.03.18"]
[Round "5.24"]
[White "Wong, Tristan"]
[WhiteElo "1689"]
[WhiteTeam "Warwickshire Bears A"]
[Black "Chan, Daniel"]
[BlackElo "1306"]
[BlackTeam "Watford Juniors A"]
[Result "1-0"]
[PlyCount "83"]

1. d4 d5 2. Nc3 Nf6 3. Bf4 Nc6 4. Nb5 e5 5. Bxe5 Nxe5 6. dxe5 Ng4 7. Qxd5 Qxd5 8. Nxc7+ Kd7 9. Nxd5 Nxe5 10. O-O-O Kc6 11. Nf3 Nxf3 12. gxf3 Be6 13. Nf4 Bxa2 14. Bh3 Bd6 15. Nd3 Be6 16. Bxe6 fxe6 17. e4 Rhf8 18. e5 Be7 19. f4 g5 20. Rhg1 Rf5 21. Rde1 Rg8 22. Re4 Kd5 23. f3 g4 24. c4+ Kc6 25. Rxg4 Rxg4 26. fxg4 Rf8 27. Ne1 Bc5 28. Nf3 Kd7 29. Nd4 Ke7 30. Kd2 b6 31. Nc6+ Kf7 32. f5 exf5 33. gxf5 Kg7 34. Rg4+ Kh6 35. f6 Re8 36. f7 Rxe5 37. Nxe5 Bf8 38. Ke3 Kh5 39. Kf4 a6 40. Kf5 b5 41. Rg3 bxc4 42. Rh3# {[W: 0:01:57; B: 0:00:15]} 1-0

[Event "Junior Online 4NCL Division 1"]
[Site "online"]
[Date "2021.03.18"]
[EventDate "2021.03.18"]
[Round "5.25"]
[White "Vora, Simran"]
[WhiteElo "1800"]
[WhiteTeam "Warwickshire Bears A"]
[Black "Dasgupta, Avyukt"]
[BlackElo "1699"]
[BlackTeam "Watford Juniors A"]
[Result "1-0"]
[PlyCount "113"]

1. e4 e6 2. d4 d5 3. exd5 exd5 4. Nf3 Nf6 5. Nc3 Bd6 6. Bg5 Bf5 7. Qe2+ Qe7 8. Bxf6 Qxe2+ 9. Bxe2 gxf6 10. Nxd5 Bxc2 11. O-O Nd7 12. h3 c6 13. Rac1 Bg6 14. Nc3 O-O 15. d5 c5 16. Bb5 Ne5 17. Nxe5 fxe5 18. Bc4 a6 19. a4 f5 20. Rfe1 e4 21. b3 Rad8 22. a5 Rfe8 23. f3 e3 24. Rb1 f4 25. Rbc1 Bc7 26. d6+ Bf7 27. dxc7 Rd2 28. Rcd1 Rxd1 29. Nxd1 Bxc4 30. bxc4 Rc8 31. Kf1 Rxc7 32. Nc3 Rf7 33. Nd5 Kf8 34. g3 fxg3 35. Rxe3 Rd7 36. f4 Rg7 37. Kg2 Kf7 38. Rxg3 Rxg3+ 39. Kxg3 Ke6 40. Kg4 Kd6 41. f5 Ke5 42. Kg5 Kd4 43. f6 Kxc4 44. Ne3+ Kb5 45. f7 Kxa5 46. f8=Q b6 47. Nc4+ Kb5 48. Nd6+ Kb4 49. Nc8 b5 50. Kh6 a5 51. Qf4+ c4 52. Nd6 Ka4 53. Kxh7 b4 54. Nxc4 b3 55. Nb2+ Ka3 56. Qd2 a4 57. Nc4# {[W: 0:03:26; B: 0:01:49]} 1-0

[Event "Junior Online 4NCL Division 1"]
[Site "online"]
[Date "2021.03.18"]
[EventDate "2021.03.18"]
[Round "5.26"]
[White "Demjan, Denisz"]
[WhiteElo "1479"]
[WhiteTeam "Watford Juniors A"]
[Black "Pal, Rohan"]
[BlackElo "1714"]
[BlackTeam "Warwickshire Bears A"]
[Result "0-1"]
[PlyCount "68"]

1. e4 c5 2. Nc3 Nc6 3. Nf3 g6 4. b3 Bg7 5. Bb2 b5 6. Qc1 a6 7. a3 e6 8. Ne2 Nf6 9. e5 Ng4 10. d4 cxd4 11. Nexd4 Ncxe5 12. Nxe5 Nxe5 13. Be2 O-O 14. Nf3 Nxf3+ 15. Bxf3 d5 16. Bxg7 Kxg7 17. Qb2+ Qf6 18. Qxf6+ Kxf6 19. O-O Bb7 20. Rac1 Rac8 21. Rfe1 Rc3 22. g3 Rfc8 23. Bg2 Rxc2 24. Rxc2 Rxc2 25. Ra1 a5 26. a4 b4 27. Rb1 Rc3 28. Bf1 d4 29. Bc4 Bf3 30. Rb2 e5 31. h4 Rc1+ 32. Bf1 d3 33. Rd2 Be2 34. Rxe2 dxe2 {[W: 0:07:59; B: 0:10:16]} 0-1

[Event "Junior Online 4NCL Division 1"]
[Site "online"]
[Date "2021.03.18"]
[EventDate "2021.03.18"]
[Round "5.27"]
[White "Kukreja, Karan"]
[WhiteElo "1709"]
[WhiteTeam "Warwickshire Bears A"]
[Black "Tathare, Rohan"]
[BlackElo "1338"]
[BlackTeam "Watford Juniors A"]
[Result "1-0"]
[PlyCount "59"]

1. d4 d5 2. Bf4 Nf6 3. e3 a6 4. Nf3 Nc6 5. Nbd2 Bg4 6. h3 Bf5 7. a3 e6 8. c4 dxc4 9. Nxc4 Bd6 10. Bxd6 cxd6 11. Rc1 O-O 12. Be2 b5 13. Ncd2 Ne7 14. O-O Rc8 15. b4 e5 16. dxe5 dxe5 17. Nxe5 Rxc1 18. Qxc1 Ng6 19. Nxg6 fxg6 20. Nf3 Bd3 21. Rd1 Qe7 22. Rxd3 Rd8 23. Qd1 Re8 24. Rd6 Ne4 25. Rd7 Qe6 26. Qd5 Nf6 27. Qxe6+ Rxe6 28. Rc7 Nd5 29. Rc8+ Kf7 30. Ng5+ {[W: 0:08:27; B: 0:06:28]} 1-0

[Event "Junior Online 4NCL Division 1"]
[Site "online"]
[Date "2021.03.18"]
[EventDate "2021.03.18"]
[Round "5.28"]
[White "Chan, Daniel"]
[WhiteElo "1306"]
[WhiteTeam "Watford Juniors A"]
[Black "Wong, Tristan"]
[BlackElo "1689"]
[BlackTeam "Warwickshire Bears A"]
[Result "0-1"]
[PlyCount "65"]

1. e4 Nc6 2. Nc3 d6 3. Bc4 Nf6 4. Nf3 g6 5. O-O Bg7 6. d3 O-O 7. Be3 h6 8. Qd2 Ng4 9. h3 Nxe3 10. Qxe3 Na5 11. Bb3 Nxb3 12. axb3 c5 13. Kh2 Kh7 14. g4 Qd7 15. Kg2 f5 16. exf5 gxf5 17. g5 f4 18. Qe4+ Kh8 19. Rae1 Qxh3+ 20. Kg1 Bf6 21. Qxf4 hxg5 22. Nxg5 Rg8 23. Ne4 Be5 24. Re3 Bxf4 25. Rxh3+ Bxh3 26. Re1 Bxg5 27. Nxg5 Rxg5+ 28. Kh2 Bf5 29. Rxe7 Rag8 30. Rxb7 R8g7 31. Rxg7 Kxg7 32. c3 Bxd3 33. f4 {[W: 0:00:19; B: 0:01:31]} 0-1

[Event "Junior Online 4NCL Division 1"]
[Site "online"]
[Date "2021.03.18"]
[EventDate "2021.03.18"]
[Round "5.31"]
[White "Munshi, Aryan"]
[WhiteElo "1403"]
[WhiteTeam "Phones Junior A"]
[Black "Chung, Ethan Cheung Jing"]
[BlackElo "1854"]
[BlackTeam "St John's College A"]
[Result "0-1"]
[PlyCount "62"]

1. d4 d5 2. c4 e6 3. Nf3 c5 4. Nc3 Nf6 5. Bf4 Nc6 6. cxd5 exd5 7. e3 cxd4 8. Nxd4 Bc5 9. Ndb5 O-O 10. Nc7 Bg4 11. Be2 Bxe2 12. Kxe2 Rc8 13. N7xd5 Nxd5 14. Qxd5 Qb6 15. Qb3 Nb4 16. Qa4 Qg6 17. Rad1 Rfd8 18. a3 Qg4+ 19. Kf1 Nd3 20. Rd2 Nxf4 21. Rxd8+ Rxd8 22. exf4 h6 23. h3 Qf5 24. Qc4 Bb6 25. g3 Qc2 26. Qe2 Rd2 27. Qe8+ Kh7 28. Qe4+ Qxe4 29. Nxe4 Rxb2 30. Kg2 f5 31. Nd6 Rxf2+ {[W: 0:00:45; B: 0:02:32]} 0-1

[Event "Junior Online 4NCL Division 1"]
[Site "online"]
[Date "2021.03.18"]
[EventDate "2021.03.18"]
[Round "5.32"]
[White "Swamy, Anshul"]
[WhiteElo "1452"]
[WhiteTeam "St John's College A"]
[Black "Vadalia, Jainill"]
[BlackElo "1140"]
[BlackTeam "Phones Junior A"]
[Result "0-1"]
[PlyCount "124"]

1. e4 e5 2. Nf3 Nc6 3. Nc3 Nf6 4. d4 exd4 5. Nxd4 Bb4 6. Nxc6 bxc6 7. Bd3 O-O 8. Bg5 h6 9. Bh4 Re8 10. O-O d5 11. exd5 cxd5 12. Nxd5 Be7 13. Nxf6+ Bxf6 14. Bxf6 Qxf6 15. Re1 Be6 16. c3 Rab8 17. Qc2 Bd5 18. Rxe8+ Rxe8 19. Qa4 Ra8 20. Qd7 Qe5 21. Qf5 Qxf5 22. Bxf5 Rb8 23. b3 g6 24. Bd3 Rd8 25. Rd1 Be4 26. Bc2 Rxd1+ 27. Bxd1 Kg7 28. f3 Bc6 29. Kf2 Kf6 30. Ke3 Ke6 31. b4 g5 32. Bb3+ Bd5 33. Kd4 Bxb3 34. axb3 Kd6 35. Ke4 Ke6 36. c4 f5+ 37. Kd4 Kd6 38. c5+ Ke6 39. b5 h5 40. b6 axb6 41. cxb6 cxb6 42. g3 Kd6 43. f4 g4 44. b4 b5 45. Ke3 Ke6 46. Kd4 Kd6 47. Kd3 Kd5 48. Kc3 Ke4 49. Kb3 Kf3 50. Kc3 Kg2 51. Kd4 Kxh2 52. Kc5 Kxg3 53. Kxb5 h4 54. Ka6 h3 55. b5 h2 56. b6 h1=Q 57. b7 Qa1+ 58. Kb6 Qb1+ 59. Ka7 Qxb7+ 60. Kxb7 Kxf4 61. Kc7 g3 62. Kd6 g2 {[W: 0:01:52; B: 0:01:21]} 0-1

[Event "Junior Online 4NCL Division 1"]
[Site "online"]
[Date "2021.03.18"]
[EventDate "2021.03.18"]
[Round "5.33"]
[White "Suyal, Nivedita"]
[WhiteElo "1072"]
[WhiteTeam "Phones Junior A"]
[Black "Nukalapati, Sarthak"]
[BlackElo "1470"]
[BlackTeam "St John's College A"]
[Result "0-1"]
[PlyCount "62"]

1. e4 e5 2. Nf3 Nc6 3. Bc4 Nf6 4. Nc3 Nxe4 5. Nxe4 d5 6. Bxd5 Qxd5 7. Nc3 Qd8 8. d3 Bd6 9. h3 O-O 10. O-O Qf6 11. Ne4 Qg6 12. Nh4 Qe6 13. Nxd6 cxd6 14. Nf3 f5 15. Re1 Qg6 16. Kh1 Be6 17. c3 f4 18. Qe2 Rfe8 19. Qe4 Bf5 20. Qc4+ Kh8 21. Nh4 Qg5 22. Nxf5 Qxf5 23. Bd2 f3 24. Qe4 fxg2+ 25. Qxg2 Re6 26. Re3 Rf8 27. Rf1 Rff6 28. Rg3 Rg6 29. Rxg6 Rxg6 30. Qh2 Qf3+ 31. Qg2 Qxg2# {[W: 0:00:55; B: 0:03:25]} 0-1

[Event "Junior Online 4NCL Division 1"]
[Site "online"]
[Date "2021.03.18"]
[EventDate "2021.03.18"]
[Round "5.34"]
[White "Jaberansari, Benjamin"]
[WhiteElo "1359"]
[WhiteTeam "St John's College A"]
[Black "Lukhi, Neev"]
[BlackElo "1003"]
[BlackTeam "Phones Junior A"]
[Result "0-1"]
[PlyCount "140"]

1. e4 e5 2. Nf3 Nc6 3. Nc3 Nf6 4. d4 exd4 5. Nxd4 Bb4 6. Nxc6 bxc6 7. Bd3 O-O 8. O-O Re8 9. Bg5 h6 10. Bh4 d5 11. exd5 Bxc3 12. bxc3 cxd5 13. Bb5 Re6 14. Rb1 c6 15. Be2 Qe8 16. Bxf6 Rxe2 17. Bd4 Bg4 18. Re1 Rxe1+ 19. Qxe1 Qd7 20. Qe5 f6 21. Rb8+ Rxb8 22. Qxb8+ Kh7 23. Qg3 Qe6 24. h3 Bf5 25. Bxa7 Bxc2 26. a3 Qe7 27. Bb6 Qxa3 28. Bd8 c5 29. Be7 Qa1+ 30. Kh2 c4 31. Bf8 Qa7 32. f4 Qf7 33. Bc5 Qg6 34. Qf3 Qd3 35. Qg4 Qxc3 36. Bf8 Bg6 37. f5 Qe5+ 38. g3 Qxf5 39. Qd4 Qd3 40. Qa7 Qe2+ 41. Kg1 Qd1+ 42. Kh2 Qc2+ 43. Kg1 Bf7 44. Qxf7 Qg6 45. Qxd5 Qxg3+ 46. Kf1 Qxh3+ 47. Ke2 Qg4+ 48. Kd2 h5 49. Kc3 h4 50. Qh1 h3 51. Qh2 Qg2 52. Qc7 h2 53. Qd7 h1=Q 54. Qf5+ Qg6 55. Qxg6+ Kxg6 56. Kxc4 Qc6+ 57. Kd4 Qb5 58. Ke4 f5+ 59. Kf4 Qc4+ 60. Ke5 f4 61. Kd6 Qb4+ 62. Ke5 Qxf8 63. Ke4 f3 64. Ke3 f2 65. Kd4 f1=Q 66. Ke5 Qe8+ 67. Kd5 Qd1+ 68. Kc5 Qc8+ 69. Kb5 Qb1+ 70. Ka5 Qa8# {[W: 0:01:09; B: 0:00:59]} 0-1

[Event "Junior Online 4NCL Division 1"]
[Site "online"]
[Date "2021.03.18"]
[EventDate "2021.03.18"]
[Round "5.35"]
[White "Chung, Ethan Cheung Jing"]
[WhiteElo "1854"]
[WhiteTeam "St John's College A"]
[Black "Munshi, Aryan"]
[BlackElo "1403"]
[BlackTeam "Phones Junior A"]
[Result "1-0"]
[PlyCount "78"]

1. e4 e5 2. Nf3 Nc6 3. Bc4 Bc5 4. Nc3 Nf6 5. d3 d6 6. Bg5 h6 7. Bh4 Be6 8. Bxe6 fxe6 9. Qd2 O-O 10. O-O-O Nd4 11. Nxd4 Bxd4 12. Rhg1 Qd7 13. g4 Nh7 14. Rg2 Rf3 15. Rf1 Be3 16. fxe3 Rxf1+ 17. Nd1 Rf7 18. d4 exd4 19. exd4 Raf8 20. Ne3 Ng5 21. Bxg5 hxg5 22. d5 Rf1+ 23. Nd1 Qa4 24. a3 Qxe4 25. dxe6 Qxe6 26. Kb1 Qe1 27. Qd5+ R1f7 28. Ka2 b6 29. Rg3 Qe5 30. Qb3 Re8 31. Re3 Qxe3 32. Nxe3 Kf8 33. Nf5 Re5 34. h3 Rf6 35. Qc3 Rc5 36. Qe3 Re5 37. Qxg5 Kf7 38. Qxg7+ Ke6 39. Qe7+ Kd5 {[W: 0:04:21; B: 0:01:02]} 1-0

[Event "Junior Online 4NCL Division 1"]
[Site "online"]
[Date "2021.03.18"]
[EventDate "2021.03.18"]
[Round "5.36"]
[White "Vadalia, Jainill"]
[WhiteElo "1140"]
[WhiteTeam "Phones Junior A"]
[Black "Swamy, Anshul"]
[BlackElo "1452"]
[BlackTeam "St John's College A"]
[Result "1-0"]
[PlyCount "63"]

1. d4 d5 2. c4 e6 3. Nf3 c5 4. e3 Nc6 5. Nc3 Nf6 6. Be2 Be7 7. O-O O-O 8. b3 cxd4 9. exd4 Bb4 10. Bb2 dxc4 11. Bxc4 Qa5 12. Qc2 Rd8 13. Rad1 Qb6 14. d5 Bxc3 15. Qxc3 exd5 16. Bxd5 Ne7 17. Bc4 Rxd1 18. Rxd1 Bg4 19. Re1 Nc6 20. Ne5 Nxe5 21. Qxe5 h6 22. Qe7 Re8 23. Bxf7+ Kh8 24. Bxe8 Nxe8 25. Qxe8+ Kh7 26. Qe4+ Qg6 27. Qxg6+ Kxg6 28. Re7 Bf5 29. Rxg7+ Kh5 30. h3 Bb1 31. Bf6 Bxa2 32. g4# {[W: 0:04:30; B: 0:00:27]} 1-0

[Event "Junior Online 4NCL Division 1"]
[Site "online"]
[Date "2021.03.18"]
[EventDate "2021.03.18"]
[Round "5.37"]
[White "Nukalapati, Sarthak"]
[WhiteElo "1470"]
[WhiteTeam "St John's College A"]
[Black "Suyal, Nivedita"]
[BlackElo "1072"]
[BlackTeam "Phones Junior A"]
[Result "1-0"]
[PlyCount "89"]

1. e4 e5 2. Nf3 Nc6 3. Nc3 Nf6 4. d4 exd4 5. Nxd4 Bc5 6. Nxc6 dxc6 7. Qxd8+ Kxd8 8. Bg5 Be7 9. e5 Nd5 10. Bxe7+ Kxe7 11. Nxd5+ cxd5 12. Bd3 Be6 13. f4 h6 14. f5 Bd7 15. O-O Rae8 16. f6+ gxf6 17. exf6+ Kd8 18. c4 dxc4 19. Bxc4 Rh7 20. Rad1 Kc8 21. Bd3 Rhh8 22. b3 h5 23. h4 Rh6 24. a4 Bg4 25. Rc1 Re3 26. Bc4 Be6 27. a5 Bxc4 28. bxc4 Rg6 29. Ra1 Re4 30. a6 b6 31. Rac1 Rxh4 32. c5 bxc5 33. Rxc5 Rhg4 34. Rf2 Ra4 35. Rfc2 Rxf6 36. Rxc7+ Kd8 37. Rc8+ Kd7 38. R2c7+ Ke6 39. Rxa7 Kf5 40. Rc5+ Kg6 41. Rb7 Raxa6 42. Rbb5 Ra5 43. Rxa5 Re6 44. Rg5+ Kh6 45. Rxh5+ {Time forfeit} {[W: 0:02:00; B: 0:00:08]} 1-0

[Event "Junior Online 4NCL Division 1"]
[Site "online"]
[Date "2021.03.18"]
[EventDate "2021.03.18"]
[Round "5.38"]
[White "Lukhi, Neev"]
[WhiteElo "1003"]
[WhiteTeam "Phones Junior A"]
[Black "Jaberansari, Benjamin"]
[BlackElo "1359"]
[BlackTeam "St John's College A"]
[Result "0-1"]
[PlyCount "110"]

1. d4 d5 2. Bf4 Nc6 3. Nf3 Nf6 4. e3 Bg4 5. Nbd2 e6 6. Bd3 h6 7. c3 Bd6 8. Bg3 O-O 9. Qc2 Re8 10. Bb5 a6 11. Bxc6 bxc6 12. Ne5 c5 13. Nb3 c4 14. Na5 Bxe5 15. Bxe5 Ne4 16. O-O Rc8 17. f3 f6 18. fxg4 fxe5 19. Nc6 Qg5 20. Nxe5 Qxe3+ 21. Kh1 Rf8 22. Rfe1 Qf2 23. Qxf2 Rxf2 24. Nxc4 Rcf8 25. Kg1 dxc4 26. Rxe4 Rxb2 27. Rxe6 Rff2 28. g3 Rg2+ 29. Kf1 Rxh2 30. Kg1 Rhg2+ 31. Kf1 Rgf2+ 32. Ke1 Rh2 33. Kd1 Rhg2 34. Re3 Kh7 35. a4 a5 36. d5 Rbd2+ 37. Ke1 Rxd5 38. Kf1 Rdd2 39. Re4 Rdf2+ 40. Ke1 Rc2 41. Kf1 Rxg3 42. Rxc4 Rgg2 43. Rxc7 Rcf2+ 44. Ke1 Rh2 45. Rd7 Rc2 46. Kd1 Rcg2 47. Re7 Rxg4 48. Re2 Rg1+ 49. Re1 Rgg2 50. Re2 Rh1+ 51. Re1 Rhh2 52. c4 Rc2 53. Rf1 Rxc4 54. Ra3 Rb4 55. Rf5 Rb1# {[W: 0:00:12; B: 0:00:19]} 0-1

[Event "Junior Online 4NCL Division 1"]
[Site "online"]
[Date "2021.03.18"]
[EventDate "2021.03.18"]
[Round "5.41"]
[White "Verma, Shlok"]
[WhiteElo "1908"]
[WhiteTeam "The Numerators"]
[Black "Madhavan, Sanjith"]
[BlackElo "1675"]
[BlackTeam "East Kilbride Knights"]
[Result "0-1"]
[PlyCount "70"]

1. d4 Nf6 2. c4 g6 3. Nc3 Bg7 4. e4 d6 5. Nge2 O-O 6. Ng3 c5 7. d5 e6 8. Bd3 exd5 9. cxd5 a6 10. O-O b5 11. a3 Re8 12. Re1 Nbd7 13. f4 h5 14. Rb1 Bb7 15. Bd2 c4 16. Bc2 Nc5 17. Be3 Qc7 18. Qd2 h4 19. Nge2 Ncxe4 20. Nxe4 Nxe4 21. Bxe4 Rxe4 22. Nc3 Re7 23. f5 Rae8 24. Nd1 Re5 25. Rf1 Bxd5 26. f6 Bf8 27. Bf4 Qc5+ 28. Kh1 Re2 29. Be3 Rxd2 30. Bxd2 Re2 31. Be3 Bxg2+ 32. Kg1 Rxe3 33. Kxg2 Qd5+ 34. Kg1 Re2 35. Nf2 h3 {[W: 0:04:23; B: 0:04:17]} 0-1